[Event "XVI Weekend B"]
[Site "Porto Sant'Elpidio ITA"]
[Date "2013.11.23"]
[Round "4"]
[White "Ciarloni, Giuseppe"]
[Black "Splendiani, Sandro"]
[WhiteElo "1643"]
[BlackElo "1678"]
[Result "1/2-1/2"]
[PlyCount "105"]
[EventDate "2013.11.16"]

1. d4 d5 2. c4 e6 3. Nc3 Nf6 4. Nf3 c6 5. cxd5 exd5 6. Bg5 Be7 7. e3 Bf5 8. Nh4
Be6 9. Bd3 O-O 10. Qc2 h6 11. Bxf6 Bxf6 12. Nf5 Bxf5 13. Bxf5 Qd6 14. O-O Nd7
15. Rad1 Nb6 16. e4 dxe4 17. Nxe4 Qd8 18. Rd2 Nd5 19. a3 Bg5 20. Rd3 Bf4 21.
Nc5 Qc7 22. g3 Bd6 23. Be4 Nf6 24. Bg2 Rfe8 25. b4 Bxc5 26. dxc5 Re7 27. Rfd1
Rae8 28. Kf1 Re2 29. Qb1 Qe5 30. Rd8 Rb2 31. Rxe8+ Nxe8 32. Qd3 Nf6 33. Re1 Qg5
34. h4 Qd2 35. Qxd2 Rxd2 36. Re7 Rd7 37. Rxd7 Nxd7 38. Ke2 Kf8 39. Kd3 Ke7 40.
Kc4 Ne5+ 41. Kb3 Kd7 42. a4 Nd3 43. f4 Nc1+ 44. Kc4 Ne2 45. b5 Nxg3 46. Kb4 Nf5
47. Bh3 g6 48. bxc6+ Kxc6 49. Bxf5 gxf5 50. Kc4 b6 51. cxb6 axb6 52. Kd4 f6 53.
Kc4 1/2-1/2

[Event "XVI Weekend B"]
[Site "Porto Sant'Elpidio ITA"]
[Date "2013.11.23"]
[Round "4"]
[White "Ciccale', Giulia"]
[Black "SkriJely, Edin"]
[WhiteElo "1215"]
[BlackElo "1713"]
[Result "0-1"]
[PlyCount "58"]
[EventDate "2013.11.16"]

1. e4 e6 2. Nf3 Nf6 3. Nc3 d5 4. e5 Nfd7 5. Be2 c5 6. d4 cxd4 7. Qxd4 Bc5 8.
Qd1 Nc6 9. Bf4 Qb6 10. b3 Bxf2+ 11. Kf1 Bc5 12. Nb5 a6 13. Nd6+ Bxd6 14. exd6
Nf6 15. c4 Ne4 16. Qe1 Nd4 17. Nxd4 Qxd4 18. Bf3 O-O 19. Bxe4 dxe4 20. Rd1 Qf6
21. Qxe4 Bd7 22. g3 Bc6 23. Qe3 Bxh1 24. Kg1 Bc6 25. Be5 Qg6 26. Qb6 Qc2 27.
Qf2 Qxd1+ 28. Qf1 Qxf1+ 29. Kxf1 f6 0-1

[Event "XVI Weekend B"]
[Site "Porto Sant'Elpidio ITA"]
[Date "2013.11.23"]
[Round "4"]
[White "Marinucci, Johnny"]
[Black "Ciccale', Piero"]
[WhiteElo "1701"]
[BlackElo "1383"]
[Result "0-1"]
[PlyCount "60"]
[EventDate "2013.11.16"]

1. d4 d5 2. Nf3 Nf6 3. e3 Bf5 4. c4 e6 5. Qb3 b6 6. Nc3 Be7 7. Bd2 O-O 8. Rc1
c5 9. Be2 Nc6 10. O-O Qd7 11. Ne5 Nxe5 12. dxe5 Ne4 13. Nxe4 Bxe4 14. Rfd1 Rfd8
15. Bc3 Qc6 16. f3 dxc4 17. Bxc4 Bd5 18. e4 Bxc4 19. Qxc4 b5 20. Qe2 c4 21. Ba5
Rxd1+ 22. Rxd1 Qc5+ 23. Kh1 b4 24. Rd7 Qxa5 25. Rxe7 Qxa2 26. h4 c3 27. Qb5 h6
28. bxc3 bxc3 29. Qb7 c2 30. Rxf7 Qb1+ 0-1

[Event "XVI Weekend B"]
[Site "Porto Sant'Elpidio ITA"]
[Date "2013.11.23"]
[Round "4"]
[White "Marvulli, Michele"]
[Black "Santinelli, Michele"]
[WhiteElo "1445"]
[BlackElo "1832"]
[Result "0-1"]
[PlyCount "93"]
[EventDate "2013.11.16"]

1. e4 d5 2. exd5 Qxd5 3. Nc3 Qd6 4. d4 Nf6 5. Bd3 a6 6. Nge2 Bg4 7. f3 Bh5 8.
Bf4 Qd7 9. Qd2 Nc6 10. O-O-O e6 11. Kb1 Bb4 12. Qe3 O-O-O 13. d5 exd5 14. g4
Bg6 15. Bxg6 hxg6 16. Nd4 Bc5 17. Nce2 Rde8 18. Qc3 Nxd4 19. Nxd4 Bd6 20. Bxd6
Qxd6 21. Qd2 Rh3 22. g5 Nd7 23. Qg2 Reh8 24. Rd2 Qf4 25. c3 c6 26. Kc2 Ne5 27.
Rf2 c5 28. Ne2 Qf5+ 29. Kd1 Nd3 30. Rff1 Nxb2+ 31. Ke1 Qb1+ 32. Kf2 Nd3+ 33.
Kg1 Qb6 34. Qg4+ Qe6 35. Qxe6+ fxe6 36. f4 Re3 37. Ng3 Rh4 38. Kg2 Nxf4+ 39.
Rxf4 Rxf4 40. h4 Rxc3 41. h5 Rg4 42. h6 Rgxg3+ 43. Kf2 Rcf3+ 44. Ke2 gxh6 45.
gxh6 Rh3 46. h7 Rxh1 47. Kxf3 0-1

[Event "XVI Weekend B"]
[Site "Porto Sant'Elpidio ITA"]
[Date "2013.11.23"]
[Round "4"]
[White "Orfini, Nicolo'"]
[Black "Borzi', Rosario"]
[WhiteElo "1614"]
[BlackElo "1665"]
[Result "0-1"]
[PlyCount "124"]
[EventDate "2013.11.16"]

1. e4 c6 2. d4 d5 3. exd5 cxd5 4. Bd3 Nc6 5. c3 Nf6 6. Bf4 Bg4 7. Nf3 e6 8.
Nbd2 Be7 9. O-O O-O 10. Re1 Rc8 11. h3 Bh5 12. Rc1 Re8 13. a4 Bd6 14. Bxd6 Qxd6
15. Nb3 e5 16. Be2 e4 17. Nh2 Bg6 18. Nf1 Nd7 19. g4 f5 20. gxf5 Bxf5 21. Bg4
Qg6 22. Ne3 Ne7 23. Kf1 Rf8 24. Rc2 Nf6 25. Nc5 Bxg4 26. Nxg4 Nxg4 27. hxg4 Rf3
28. Re3 Qxg4 29. Rxf3 exf3 30. Nd3 Nc6 31. Ne5 Qg2+ 32. Ke1 Qg1+ 33. Kd2 Qxf2+
34. Kc1 Qe3+ 35. Kb1 Nxe5 36. dxe5 Qxe5 37. Qxf3 Qe4 38. Qh3 Rf8 39. b3 Qf5 40.
Qe3 a6 41. Kb2 h6 42. Rg2 Kh7 43. Qe7 Rf7 44. Qe3 Qf3 45. Qd2 g5 46. Rh2 Kg6
47. Qd4 Qf4 48. Qd3+ Qf5 49. Qd2 h5 50. Qd1 g4 51. Rd2 Rd7 52. c4 d4 53. Rd3
Kg5 54. Qd2+ Qf4 55. Qg2 h4 56. Ka2 a5 57. Kb2 g3 58. Qh3 Re7 59. Qg2 Qf2+ 60.
Qxf2 gxf2 61. Rf3 Re2+ 62. Ka3 h3 0-1

[Event "XVI Weekend B"]
[Site "Porto Sant'Elpidio ITA"]
[Date "2013.11.23"]
[Round "4"]
[White "Pizzicotti, Virginia"]
[Black "Ragnini, Damiano"]
[WhiteElo "1746"]
[BlackElo "1717"]
[Result "1/2-1/2"]
[PlyCount "154"]
[EventDate "2013.11.16"]

1. e4 c5 2. Bc4 Nc6 3. Nc3 Nf6 4. d3 e6 5. Bb3 Nd4 6. e5 Nxb3 7. axb3 Ng8 8.
Nf3 h6 9. Ne4 b6 10. Bf4 Bb7 11. Qe2 Bxe4 12. Qxe4 Ne7 13. Bd2 Nf5 14. b4 d5
15. exd6 Bxd6 16. Qc6+ Kf8 17. b5 Rc8 18. Qe4 Bb8 19. Bf4 Bxf4 20. Qxf4 Qc7 21.
Qa4 Ra8 22. O-O Ke7 23. c3 Rhd8 24. Rfd1 Rd7 25. Qe4 Rd5 26. c4 Rdd8 27. Ne5
Kf8 28. Nc6 Re8 29. Ra6 Ne7 30. Rda1 Nxc6 31. Qxc6 Qxc6 32. bxc6 Rec8 33. Rxa7
Rxa7 34. Rxa7 Rxc6 35. Kf1 g5 36. Ke2 Kg7 37. Ke3 Kf6 38. Rd7 Kg6 39. d4 cxd4+
40. Rxd4 f5 41. b3 Kf6 42. Rd2 h5 43. h3 h4 44. Kf3 Ke5 45. g4 fxg4+ 46. Kxg4
Kf6 47. Rd3 Kg6 48. f4 gxf4 49. Kxf4 Kh5 50. Ke5 Kg5 51. Rc3 Kg6 52. Rd3 Kg5
53. Rd4 Kh5 54. b4 Kg5 55. Rg4+ Kh5 56. Rd4 Kg5 57. Rg4+ Kh5 58. b5 Rc8 59.
Kxe6 Re8+ 60. Kf5 Rf8+ 61. Ke4 Rf6 62. Rf4 Re6+ 63. Kf3 Re5 64. Re4 Rg5 65. Kf4
Rg1 66. Re5+ Kh6 67. Re6+ Kh5 68. Re5+ Kh6 69. Re6+ Kh5 70. Rxb6 Rh1 71. Rb8
Rxh3 72. Rh8+ Kg6 73. Kg4 Rc3 74. Rc8 h3 75. Rh8 h2 76. Rxh2 Rxc4+ 77. Kg3 Rb4
1/2-1/2

[Event "XVI Weekend B"]
[Site "Porto Sant'Elpidio ITA"]
[Date "2013.11.23"]
[Round "4"]
[White "Vannicola, Roberto"]
[Black "Cesetti, Egidio"]
[WhiteElo "1532"]
[BlackElo "1614"]
[Result "0-1"]
[PlyCount "116"]
[EventDate "2013.11.16"]

1. c4 c5 2. Nc3 Nc6 3. Nf3 g6 4. g3 Bg7 5. Bg2 e6 6. O-O Nge7 7. a3 b6 8. Rb1
Bb7 9. Qc2 O-O 10. b4 cxb4 11. axb4 d5 12. cxd5 Nxd5 13. Ba3 Re8 14. Nxd5 Qxd5
15. Ne1 Qd7 16. e3 Rac8 17. Qa2 Ne7 18. Bxb7 Qxb7 19. Bb2 Bxb2 20. Qxb2 Rc7 21.
Ng2 Rec8 22. Rfc1 Rxc1+ 23. Rxc1 Rxc1+ 24. Qxc1 Qc6 25. Qb1 Qb5 26. Ne1 a5 27.
Nc2 Nc6 28. Na3 Qxb4 29. Qc1 Ne5 30. Qc8+ Kg7 31. Qc3 Qxc3 32. dxc3 Kf6 33. Kf1
Ke7 34. Ke2 Kd6 35. f4 Nd7 36. Kd3 Kc5 37. g4 f6 38. e4 b5 39. h4 b4 40. cxb4+
axb4 41. Nc2 b3 42. Ne3 Kb4 43. Nd1 Ka3 44. Kc3 Nc5 45. Kd4 Na4 46. f5 exf5 47.
exf5 Kb4 48. fxg6 hxg6 49. Kd5 Nc3+ 50. Nxc3 Kxc3 51. Ke6 b2 52. Kxf6 b1=Q 53.
h5 gxh5 54. gxh5 Qh7 55. Kg5 Kd4 56. Kh4 Qh6 57. Kg4 Ke4 58. Kh4 Kf4 0-1

[Event "XVI Weekend B"]
[Site "Porto Sant'Elpidio ITA"]
[Date "2013.11.24"]
[Round "5"]
[White "Ciccale', Piero"]
[Black "Ciarloni, Giuseppe"]
[WhiteElo "1383"]
[BlackElo "1643"]
[Result "1/2-1/2"]
[PlyCount "38"]
[EventDate "2013.11.16"]

1. e4 c5 2. c3 e6 3. e5 d6 4. exd6 Bxd6 5. Ne2 Nf6 6. g3 Nc6 7. Bg2 Qc7 8. O-O
O-O 9. d4 Rd8 10. Na3 cxd4 11. Nb5 Qb6 12. Nxd6 Rxd6 13. cxd4 Nxd4 14. Nxd4
Rxd4 15. Qe2 Qd8 16. Be3 Rd6 17. Rad1 a5 18. Rxd6 Qxd6 19. Rd1 Qe7 1/2-1/2

[Event "XVI Weekend B"]
[Site "Porto Sant'Elpidio ITA"]
[Date "2013.11.24"]
[Round "5"]
[White "Di Sante, Alessandro"]
[Black "Vannicola, Roberto"]
[WhiteElo "1419"]
[BlackElo "1532"]
[Result "0-1"]
[PlyCount "86"]
[EventDate "2013.11.16"]

1. d4 Nf6 2. e3 e6 3. Bd3 b6 4. Nf3 Bb7 5. Nbd2 g6 6. O-O Bg7 7. e4 O-O 8. e5
Nd5 9. Be4 c6 10. c4 f5 11. exf6 Nxf6 12. Re1 Nxe4 13. Nxe4 d5 14. Ned2 Re8 15.
b3 Nd7 16. Bb2 c5 17. Ne5 Nxe5 18. dxe5 d4 19. a3 Qg5 20. Nf3 Qf5 21. b4 Bxf3
22. Qxf3 Qxf3 23. gxf3 Rf8 24. Kg2 Rf5 25. Rad1 Rd8 26. Rd2 Rxe5 27. Rxe5 Bxe5
28. Re2 Bg7 29. Rxe6 d3 30. Bxg7 d2 31. Bf6 Rd7 32. Re8+ Kf7 33. Bg5 d1=Q 34.
Rh8 Kg7 35. Re8 Rf7 36. Re3 Qd4 37. Re4 Qd3 38. Re3 Qxc4 39. Bd8 Rd7 40. Bg5 h6
41. Be7 Kf7 42. Bxc5 bxc5 43. bxc5 Qxc5 0-1

[Event "XVI Weekend B"]
[Site "Porto Sant'Elpidio ITA"]
[Date "2013.11.24"]
[Round "5"]
[White "Marrocco, Dario"]
[Black "Cesetti, Egidio"]
[WhiteElo "1688"]
[BlackElo "1614"]
[Result "1-0"]
[PlyCount "61"]
[EventDate "2013.11.16"]

1. e4 c5 2. Nf3 e6 3. d4 cxd4 4. Qxd4 Nc6 5. Qa4 Bc5 6. Bd3 a6 7. c3 Nge7 8.
Bg5 Qb6 9. Qc2 Qc7 10. Nbd2 b5 11. O-O O-O 12. a4 b4 13. Bh4 Ng6 14. Bg3 d6 15.
Nc4 a5 16. Rad1 e5 17. Be2 Kh8 18. Nfd2 f5 19. exf5 Bxf5 20. Bd3 Bxd3 21. Qxd3
Nf4 22. Bxf4 Rxf4 23. Ne4 Rd8 24. Ng5 e4 25. Qh3 h6 26. Ne6 Bxf2+ 27. Rxf2 Rxf2
28. Nxc7 Rdf8 29. Qg3 Ne5 30. Nxe5 dxe5 31. Qxf2 1-0

[Event "XVI Weekend B"]
[Site "Porto Sant'Elpidio ITA"]
[Date "2013.11.24"]
[Round "5"]
[White "Pizzicotti, Virginia"]
[Black "Orfini, Nicolo'"]
[WhiteElo "1746"]
[BlackElo "1614"]
[Result "1-0"]
[PlyCount "123"]
[EventDate "2013.11.16"]

1. e4 d6 2. Bc4 Nf6 3. d3 g6 4. Nc3 Bg7 5. f4 Nbd7 6. Nf3 e5 7. O-O O-O 8. f5
Nb6 9. Bb3 a5 10. a3 a4 11. Ba2 gxf5 12. exf5 Bxf5 13. Nxe5 dxe5 14. Rxf5 Qd4+
15. Kh1 Ng4 16. Qf3 Nf6 17. Be3 Qd6 18. Bh6 Nbd7 19. Qg3 Ne8 20. Bxg7 Nxg7 21.
Raf1 Qg6 22. Bxf7+ Rxf7 23. Rxf7 Rd8 24. Qxg6 hxg6 25. R7f2 Nb6 26. Re2 Nd7 27.
Nxa4 Ra8 28. Nc3 Ra6 29. Ref2 Nf5 30. Ne4 Rb6 31. c3 Rb5 32. b4 Rd5 33. Rd2 Ne3
34. Re1 Nf5 35. Kg1 Kg7 36. Kf2 Nf6 37. Nxf6 Kxf6 38. Re4 Nd6 39. Ree2 b6 40.
Ke3 c6 41. Rf2+ Ke7 42. g4 e4 43. Rd1 exd3 44. Rxd3 Re5+ 45. Kf3 Nc4 46. Re2
Rxe2 47. Kxe2 Nxa3 48. Rf3 Nb5 49. Kd3 Nc7 50. h4 Nd5 51. g5 Ke8 52. Ke4 Ke7
53. Ke5 b5 54. Rd3 Nb6 55. Kd4 Nd7 56. Re3+ Kf7 57. c4 bxc4 58. Kxc4 Nb6+ 59.
Kc5 Nd5 60. Re5 Nf4 61. Re4 Nd3+ 62. Kxc6 1-0

[Event "XVI Weekend B"]
[Site "Porto Sant'Elpidio ITA"]
[Date "2013.11.24"]
[Round "5"]
[White "Ragnini, Damiano"]
[Black "Ciccale', Giulia"]
[WhiteElo "1717"]
[BlackElo "1215"]
[Result "1-0"]
[PlyCount "43"]
[EventDate "2013.11.16"]

1. e4 e5 2. f4 Nc6 3. Nf3 d6 4. Bc4 Nf6 5. Bxf7+ Kxf7 6. O-O Nxe4 7. fxe5 dxe5
8. Ng5+ Ke8 9. Nxe4 Qd4+ 10. Nf2 Bc5 11. c3 Qd8 12. b4 Bb6 13. b5 Na5 14. Qh5+
g6 15. Qxe5+ Kf7 16. d4 Re8 17. Ng4+ Bf5 18. Nh6+ Kf8 19. Rxf5+ gxf5 20. Qxf5+
Ke7 21. Bg5+ Kd6 22. Nf7# 1-0

[Event "XVI Weekend B"]
[Site "Porto Sant'Elpidio ITA"]
[Date "2013.11.24"]
[Round "5"]
[White "Santinelli, Michele"]
[Black "Agostinelli, Matteo"]
[WhiteElo "1832"]
[BlackElo "1715"]
[Result "0-1"]
[PlyCount "148"]
[EventDate "2013.11.16"]

1. Nf3 Nf6 2. d4 g6 3. Bg5 Bg7 4. Nbd2 d6 5. e4 O-O 6. Be2 c5 7. c3 Nfd7 8. O-O
Nc6 9. d5 Nce5 10. Nxe5 Nxe5 11. f4 Nd7 12. Nc4 Nb6 13. Kh1 Nxc4 14. Bxc4 a6
15. a4 Kh8 16. Qe2 Qc7 17. f5 Bd7 18. Bxe7 Rfe8 19. f6 Rxe7 20. fxe7 Be8 21.
Qf3 Qxe7 22. Rf2 Be5 23. Bd3 Qh4 24. g3 Qh6 25. a5 Rd8 26. Re1 Rd7 27. Qe3 Qxe3
28. Rxe3 Rc7 29. Bc4 Kg8 30. Ref3 Re7 31. Kg2 Bd7 32. h3 Bg7 33. Re2 Be5 34.
Bd3 Be8 35. Bc2 Bb5 36. Re1 Rc7 37. Ra1 Bc4 38. Ba4 f5 39. Bc2 fxe4 40. Bxe4
Re7 41. Re3 Bg7 42. Ra4 Bb3 43. Ra3 Bc4 44. Ra1 Kh8 45. Rae1 Bh6 46. Rf3 Kg7
47. Kf2 Bg5 48. h4 Bf6 49. Rfe3 Rf7 50. Kg2 Bd8 51. Bf3 Bxa5 52. Re7 Bd8 53.
Rxf7+ Kxf7 54. Re6 Bc7 55. h5 Bd3 56. hxg6+ hxg6 57. Be4 Bxe4+ 58. Rxe4 Bd8 59.
Kf3 Bf6 60. Re6 Be5 61. g4 b5 62. Ke4 Bh2 63. g5 Bg3 64. Rf6+ Kg7 65. Rf3 Be5
66. Rf1 a5 67. Ra1 a4 68. Rf1 b4 69. cxb4 cxb4 70. Rf2 a3 71. bxa3 bxa3 72. Kd3
Bb2 73. Kc2 Bd4 74. Re2 a2 0-1

[Event "XVI Weekend B"]
[Site "Porto Sant'Elpidio ITA"]
[Date "2013.11.24"]
[Round "5"]
[White "SkriJely, Edin"]
[Black "Marvulli, Michele"]
[WhiteElo "1713"]
[BlackElo "1445"]
[Result "1-0"]
[PlyCount "59"]
[EventDate "2013.11.16"]

1. d4 c5 2. d5 e5 3. e4 d6 4. Nc3 Nf6 5. Bg5 Be7 6. Qd2 Nbd7 7. Bd3 a6 8. a4 b6
9. Nge2 Qc7 10. Ng3 c4 11. Be2 Nc5 12. Bxf6 Bxf6 13. O-O Nb7 14. f4 exf4 15.
Qxf4 O-O 16. Nh5 Qc5+ 17. Kh1 Be5 18. Qh4 f5 19. Rf3 Nd8 20. Raf1 f4 21. Nxf4
Bf6 22. Nh5 Ra7 23. Nxf6+ gxf6 24. Rxf6 Raf7 25. Qg5+ Kh8 26. Rxf7 Nxf7 27. Qe7
Kg8 28. Bh5 Qe3 29. Bxf7+ Kg7 30. Qf6# 1-0

[Event "XVI Weekend B"]
[Site "Porto Sant'Elpidio ITA"]
[Date "2013.11.24"]
[Round "5"]
[White "Splendiani, Sandro"]
[Black "Borzi', Rosario"]
[WhiteElo "1678"]
[BlackElo "1665"]
[Result "0-1"]
[PlyCount "104"]
[EventDate "2013.11.16"]

1. d4 Nf6 2. c4 e6 3. Nf3 b6 4. g3 Bb7 5. Bg2 Be7 6. O-O O-O 7. Nc3 d6 8. Qc2
Nbd7 9. e4 g6 10. h3 Nh5 11. Bh6 Ng7 12. Rad1 f6 13. Be3 Qe8 14. d5 e5 15. Kh2
f5 16. Qd2 Nc5 17. Bxc5 bxc5 18. Rfe1 f4 19. gxf4 Rxf4 20. Qe3 a5 21. Ne2 Rf7
22. Ng5 Bxg5 23. Qxg5 Nh5 24. Rf1 Nf4 25. Nxf4 Rxf4 26. h4 Kg7 27. h5 h6 28.
Qxg6+ Qxg6 29. hxg6 Kxg6 30. Rd3 Raf8 31. Rg3+ Kh7 32. f3 Bc8 33. Rg1 Rh4+ 34.
Bh3 Rxh3+ 35. Rxh3 Bxh3 36. Kxh3 Rxf3+ 37. Kh4 Rf4+ 38. Kh5 Rf2 39. Kg4 Rxb2
40. Kf5 Rf2+ 41. Ke6 h5 42. Rg5 Kh6 43. Rf5 Rg2 44. Rf7 Rg7 45. Rf1 h4 46. Kf6
Rg6+ 47. Kf5 Kh5 48. Rh1 Rg3 49. Ke6 h3 50. Kd7 Rg7+ 51. Ke6 Kh4 52. Kf6 Rg2
0-1

[Event "XVI Weekend B"]
[Site "Porto Sant'Elpidio ITA"]
[Date "2013.11.24"]
[Round "6"]
[White "Borzi', Rosario"]
[Black "Agostinelli, Matteo"]
[WhiteElo "1665"]
[BlackElo "1715"]
[Result "1/2-1/2"]
[PlyCount "30"]
[EventDate "2013.11.16"]

1. Nf3 Nf6 2. c4 g6 3. Nc3 Bg7 4. g3 O-O 5. Bg2 c6 6. O-O d6 7. d3 Bd7 8. Bd2
Na6 9. Rb1 Rb8 10. a4 c5 11. Na2 Qe8 12. b3 Nc7 13. Nc3 a6 14. Qc2 b5 15. axb5
axb5 1/2-1/2

[Event "XVI Weekend B"]
[Site "Porto Sant'Elpidio ITA"]
[Date "2013.11.24"]
[Round "6"]
[White "Cesetti, Egidio"]
[Black "Ciarloni, Giuseppe"]
[WhiteElo "1614"]
[BlackElo "1643"]
[Result "0-1"]
[PlyCount "120"]
[EventDate "2013.11.16"]

1. Nf3 d5 2. g3 c6 3. c4 Nf6 4. Bg2 e6 5. O-O Be7 6. d4 O-O 7. Nc3 b6 8. b3 Bb7
9. Bb2 Nbd7 10. Nd2 Rc8 11. e4 dxe4 12. Ndxe4 Nxe4 13. Nxe4 Nf6 14. Qc2 Rc7 15.
Rad1 Qa8 16. Qe2 Rd8 17. Ng5 h6 18. Nh3 Rcd7 19. Nf4 c5 20. Bxb7 Qxb7 21. dxc5
bxc5 22. Rxd7 Qxd7 23. Ng2 Qd2 24. Re1 Qxe2 25. Rxe2 Rd1+ 26. Re1 Rd2 27. Bxf6
Bxf6 28. a3 Rb2 29. Re3 Bd4 30. Re4 Rxb3 31. Ne3 Rc3 32. Kf1 Bxe3 33. fxe3 Rxa3
34. Re5 Ra5 35. Ke2 Kf8 36. h4 Ke7 37. Re4 Ra2+ 38. Kd3 Rb2 39. Rf4 f5 40. Rf3
Kf6 41. g4 g6 42. gxf5 exf5 43. h5 g5 44. Rf1 Ra2 45. Rb1 Ra5 46. Rb7 g4 47.
Rh7 Kg5 48. Rf7 Kh4 49. Rxf5 g3 50. Rf6 g2 51. Rg6 Kh3 52. e4 Kh2 53. e5 g1=Q
54. Rxg1 Kxg1 55. Ke4 Ra1 56. Kd5 a5 57. Kxc5 a4 58. Kb4 a3 59. c5 a2 60. Kb3
Re1 0-1

[Event "XVI Weekend B"]
[Site "Porto Sant'Elpidio ITA"]
[Date "2013.11.24"]
[Round "6"]
[White "Ciccale', Giulia"]
[Black "Di Sante, Alessandro"]
[WhiteElo "1215"]
[BlackElo "1419"]
[Result "1-0"]
[PlyCount "105"]
[EventDate "2013.11.16"]

1. e4 c5 2. Nc3 d6 3. Nf3 Nf6 4. Bb5+ Bd7 5. Bxd7+ Nbxd7 6. O-O g6 7. d3 Bg7 8.
d4 cxd4 9. Nxd4 O-O 10. f3 Qb6 11. Nd5 Nxd5 12. exd5 Bxd4+ 13. Kh1 Nf6 14. c3
Be5 15. f4 Bxc3 16. bxc3 Qc5 17. Qe1 Nxd5 18. f5 Rfe8 19. fxg6 fxg6 20. Qe6+
Kh8 21. Bh6 Nf6 22. Qf7 Rg8 23. Rae1 Qd5 24. Rxe7 Qxf7 25. Rxf7 Ng4 26. Bg5 b5
27. h3 Ne5 28. Bf6+ Rg7 29. Rxg7 Rf8 30. Rxg6+ Rxf6 31. Rgxf6 Nc4 32. Rf7 a5
33. R1f5 Ne5 34. Re7 Kg8 35. Re8+ Kg7 36. Rg5+ Kf6 37. h4 Kf7 38. Rh8 Kf6 39.
Rxh7 Ke6 40. Rh6+ Ke7 41. Rg7+ Nf7 42. Rhh7 Ke6 43. Rxf7 d5 44. Rb7 b4 45. cxb4
axb4 46. Rxb4 Ke5 47. Rh5+ Ke6 48. Rb6+ Kd7 49. Rxd5+ Kc7 50. Rh6 Kb7 51. Rg5
Kc7 52. Rg7+ Kd8 53. Rh8# 1-0

[Event "XVI Weekend B"]
[Site "Porto Sant'Elpidio ITA"]
[Date "2013.11.24"]
[Round "6"]
[White "Ciccale', Piero"]
[Black "Vannicola, Roberto"]
[WhiteElo "1383"]
[BlackElo "1532"]
[Result "0-1"]
[PlyCount "80"]
[EventDate "2013.11.16"]

1. e4 c6 2. d4 d5 3. e5 Bf5 4. f4 e6 5. Nf3 c5 6. Bb5+ Nc6 7. O-O a6 8. Bxc6+
bxc6 9. c3 Bxb1 10. Rxb1 cxd4 11. Nxd4 Bc5 12. Qa4 Qb6 13. Kh1 Bxd4 14. Qxd4
Qb5 15. Be3 Ne7 16. Qc5 Qb7 17. Qb6 Qxb6 18. Bxb6 O-O 19. Bc5 Rfe8 20. Rbc1
Rab8 21. b4 Rb7 22. a3 Ra8 23. c4 Nc8 24. cxd5 cxd5 25. Bd4 Nb6 26. Bxb6 Rxb6
27. Rc7 g6 28. Rfc1 Rab8 29. Rd7 R8b7 30. Rcc7 Rxc7 31. Rxc7 a5 32. g3 axb4 33.
axb4 Rxb4 34. Rd7 Kf8 35. Kg2 Ke8 36. Rd6 Rd4 37. Kf3 Ke7 38. g4 f6 39. Kg3
fxe5 40. fxe5 Re4 0-1

[Event "XVI Weekend B"]
[Site "Porto Sant'Elpidio ITA"]
[Date "2013.11.24"]
[Round "6"]
[White "Marinucci, Johnny"]
[Black "Splendiani, Sandro"]
[WhiteElo "1701"]
[BlackElo "1678"]
[Result "1-0"]
[PlyCount "91"]
[EventDate "2013.11.16"]

1. d4 d5 2. Bf4 Nf6 3. e3 e6 4. Nd2 Nc6 5. c3 Bd6 6. Bg5 O-O 7. f4 Be7 8. Bd3
h6 9. Bh4 Nh7 10. Bxe7 Qxe7 11. h4 f6 12. Qc2 f5 13. g4 Bd7 14. g5 h5 15. Be2
g6 16. Ngf3 Kg7 17. Kf2 Rh8 18. Ne1 Nd8 19. Qb3 b6 20. Nd3 Nf7 21. Nf3 Nd6 22.
Nde5 Ne4+ 23. Kg2 Be8 24. Bd3 Nd6 25. a4 c5 26. Qa3 c4 27. Bc2 Nc8 28. b4 cxb3
29. Bxb3 Nd6 30. c4 dxc4 31. Bxc4 Nf8 32. Ba6 Bd7 33. Rhc1 Bc8 34. Bxc8 Rxc8
35. Rxc8 Nxc8 36. Qxe7+ Nxe7 37. Rc1 Nd5 38. Kf2 Rh7 39. Rc8 Rh8 40. Ra8 a5 41.
Ra7+ Kg8 42. Nf7 Rh7 43. N3e5 Nc3 44. Nh6+ Rxh6 45. gxh6 Nd5 46. Rg7+ 1-0

[Event "XVI Weekend B"]
[Site "Porto Sant'Elpidio ITA"]
[Date "2013.11.24"]
[Round "6"]
[White "Marrocco, Dario"]
[Black "Pizzicotti, Virginia"]
[WhiteElo "1688"]
[BlackElo "1746"]
[Result "1/2-1/2"]
[PlyCount "49"]
[EventDate "2013.11.16"]

1. e4 c5 2. Nf3 d6 3. d4 cxd4 4. Qxd4 Nc6 5. Bb5 a6 6. Bxc6+ bxc6 7. Nc3 e6 8.
Bg5 c5 9. Qa4+ Qd7 10. O-O-O Qxa4 11. Nxa4 Nf6 12. Bxf6 gxf6 13. Nb6 Rb8 14.
Nc4 Kd7 15. e5 d5 16. exf6 Bh6+ 17. Kb1 Rg8 18. g4 Ke8 19. Nd6+ Kf8 20. Ne5 Bg5
21. Ndxf7 Bxf6 22. Rd3 Rg7 23. c3 Rxf7 24. Nxf7 Kxf7 25. Kc1 1/2-1/2

[Event "XVI Weekend B"]
[Site "Porto Sant'Elpidio ITA"]
[Date "2013.11.24"]
[Round "6"]
[White "SkriJely, Edin"]
[Black "Santinelli, Michele"]
[WhiteElo "1713"]
[BlackElo "1832"]
[Result "0-1"]
[PlyCount "56"]
[EventDate "2013.11.16"]

1. c4 e5 2. g3 d5 3. Bg2 c6 4. cxd5 cxd5 5. d3 Nf6 6. Nc3 Bb4 7. a3 Ba5 8. Bd2
Nc6 9. Rc1 Rb8 10. b4 Bb6 11. Bg5 Bxf2+ 12. Kf1 Be6 13. Nh3 Bd4 14. Nf2 h6 15.
Bd2 O-O 16. e3 Bb6 17. Na4 Bc7 18. Nc5 Bc8 19. Bf3 Ne7 20. Kg2 b6 21. Nb3 Be6
22. Ng4 Nh7 23. Rf1 e4 24. dxe4 dxe4 25. Bxe4 Bxb3 26. Nxh6+ gxh6 27. Bc3 Bxd1
28. Rcxd1 Qe8 0-1